| 000 | 00748nam a22002537a 4500 | ||
|---|---|---|---|
| 003 | 0 | ||
| 005 | 20180728172406.0 | ||
| 008 | 0 | ||
| 010 | _aB-160084 | ||
| 020 |
_c790.00 _a8178352176 |
||
| 035 | _aB-160084, B-160085 | ||
| 037 | _bCen Lib/Ret | ||
| 040 |
_aDPL _bEN _c0 |
||
| 082 |
_a305.56 _bMIS |
||
| 100 |
_aMishra, Narayan _94078 |
||
| 245 |
_aExploitation and atrocities on the dalits in India / _cby Narayan Mishra |
||
| 260 |
_a Delhi _bKalpaz publications _c2004 |
||
| 270 |
_a C-30, Satyawati Nagar _b Delhi _e110052 |
||
| 300 |
_a365p. _c21cm(Hb) |
||
| 500 | _aIncludes bibliography reference and index | ||
| 650 |
_aSocial science _980941 |
||
| 650 |
_aDalits -India _94080 |
||
| 942 |
_2ddc _cEN _h305.56 _mMIS |
||
| 999 |
_c123090 _d123090 |
||